FOREST plantation management in ASEAN

Bibliographic Details
Corporate Author: ASEAN Institute of Forest Management (AIFM)
Format: Book
Published: Kuala Lumpur : AIFM , 1997
Series:AIFM technical report ; n. 29
Subjects:

MARC

LEADER 00000cam a2200000 7i4500
001 0000001449
005 20010628.0
020 0 0 |a 9839518062 
090 0 0 |a 634.920959   |b FOR 1997 
245 0 0 |a FOREST plantation management in ASEAN 
260 0 0 |a Kuala Lumpur :   |b AIFM ,   |c 1997 
300 |a vi, 37 p. ;   |c 25 cm. 
440 0 0 |a AIFM technical report ; n. 29 
500 0 0 |a Bibliography : [p. 35-37] 
650 0 0 |a Forest management   |z Asia, Southeastern 
650 0 0 |a Tree farms   |z Asia, Southeastern 
710 1 1 |a ASEAN Institute of Forest Management (AIFM) 
998 |a JPSM 
999 |a 0000002453   |b Monograph   |c Open Shelf   |e Default branch